Covers and fertilisers for immature rubber (Record no. 56482)

MARC details
000 -LEADER
fixed length control field 00336nam a2200133Ia 4500
245 #0 - TITLE STATEMENT
Title Covers and fertilisers for immature rubber
260 ## - PUBLICATION, DISTRIBUTION, ETC. (IMPRINT)
Name of publisher Planters Bulletin
Year of publication 1967
300 ## - PHYSICAL DESCRIPTION
Number of Pages 66-72
650 ## - SUBJECT ADDED ENTRY--TOPICAL TERM
Topical Term Cover crops
650 ## - SUBJECT ADDED ENTRY--TOPICAL TERM
Topical Term Fertilisers
650 ## - SUBJECT ADDED ENTRY--TOPICAL TERM
Topical Term Immature rubber
942 ## - ADDED ENTRY ELEMENTS (KOHA)
Koha item type Journals
Holdings
Withdrawn status Lost status Damaged status Not for loan Home library Current library Shelving location Date acquired Serial Enumeration / chronology Koha item type
      Journals RRII Library RRII Library Soils and agonomy 17/12/2021 Volume 89, Issue Journals